1540 1111 1388 1803 1550 1832 1710 1674 1197 1421 1818 1283 1738 1986 1061 1439 1860 1803 1927 1862 1609 1538 1713 1364 1843 1611 1647 1737 1109 1891 1579 1772 1881 1687 1180 1283 1242 1108 1032 1866 1259 1536 1370 1291 1994 1650 1511 1011 1997 1197 1246 1967 1302 1443 1547 1209 1785 1712 1017 1635 1184 1584 1707 1086 1293 1881 1765 1028 1922 1401 1780 1275 1356 1720 1991 1384 1640 1870 1563 1051 1240 1395 1779 1072 1895 1168 1085 1239 1430 1814 1314 1595 1165 1302 1421 1583 1286 1667 1401 BCNSPRNW ULIB Ver.6.0+V

เปลี่ยนเป็นภาษาไทย

Change to English
 แสดงรายละเอียดบรรณานุกรม
  กลับหน้าหลัก

Brief Record : Get Marc (ISO 2709) : E-mail record : QR code < ปิดหน้าต่าง
LEADER : 00000nam 2200000uu 4500
001    13399111362
003     ULIB
008    110623s2547||||th 000 0 tha d
020    9741326475
060  4 QU^bส816ฟ ล.2
100 0  สมพงษ์ ใจดี
245 10 ฟิสิกส์มหาวิทยาลัย 2 /^cสมพงษ์ ใจดี
250    พิมพ์ครั้งที่ 3
260    กรุงเทพฯ :^bสำนักพิมพ์แห่งจุฬาลงกรณ์มหาวิทยาลัย,^c2547
300    368 หน้า :^bภาพประกอบ ;^c26 ซม.
536    ฉบับได้รับ(รางวัล)สมนาคุณจากโครงการส่งเสริมการผลิตตำราและหนังสือคณะวิทยาศาสตร์ จุฬาลงกรณ์มหาวิทยาลัย
650  7 ก๊าซ
650  7 คลื่น (ฟิสิกส์)
650  7 เทอร์โมไดนามิกส์
650  7 ฟิสิกส์
650  7 สสาร
710 2  จุฬาลงกรณ์มหาวิทยาลัย. ^bภาควิชาฟิสิกส์
945    ^p230^l0^i14406
995    กัณชพร
999 ^a ใช้งานได้ทุกระบบ
รายการนี้ยังไม่มีแท็ก
คุณยังไม่ได้ล็อกอิน คุณสามารถมีกิจกรรมร่วมกับเว็บไซต์ได้ แต่ต้องล็อกอินก่อน ::
  ล็อกอิน

รายการสื่อสารสนเทศ

ลำดับที่ ประเภท เลขเรียก/บาร์โค้ด สถานที่ สถานะ
- ไม่พบข้อมูล -

รายการใกล้เคียง
    ผู้แต่ง [สมพงษ์ ใจดี]

    หัวเรื่อง [ก๊าซ]
    หัวเรื่อง [คลื่น (ฟิสิกส์)]
    หัวเรื่อง [เทอร์โมไดนามิกส์]
    หัวเรื่อง [ฟิสิกส์]
    หัวเรื่อง [สสาร]

BibComment


ยังไม่เคยถูกคอมเมนท์

คอมเมนท์ทรัพยากรรายการนี้
  คอมเมนท์: ฟิสิกส์มหาวิทยาลั..


 Copyright 2026. Bcnsprnw @Library